000 01026cam a22002291 4500
001 hew65000101
003 DLC
005 20260227111514.0
008 820624s1965 dcu f000 0 eng c
010 _ahew65000101
035 _a(OCoLC)8545311
040 _aU.S. Dept. of Health, Education, and Welfare. Library
_cOCoLC
_dDLC
042 _apremarc
050 0 0 _aHV9103
_b.A49
110 1 _aUnited States.
_bChildren's Bureau.
_bDivision of Juvenile Delinquency Service.
245 1 4 _aThe control and treatment of juvenile delinquency in the United States.
260 _a[Washington]
_bU.S. Dept. of Health, Education, and Welfare, Welfare Administration, Children's Bureau,
_c1965.
300 _a36 p.
_c24 cm.
500 _aPrepared for the 3d United Nations Congress on the Prevention of Crime and Treatment of Offenders, Stockholm, Aug. 9-18, 1965.
650 0 _aJuvenile delinquency
_zUnited States.
711 2 _aUnited Nations Congress on the Prevention of Crime and Treatment of Offenders.
_n3d,
_cStockholm,
_d1965.
999 _c34555
_d34555